George Washington : (Record no. 2307)

MARC details
000 -LEADER
fixed length control field 01076cam a2200313 a 4500
005 - DATE AND TIME OF LATEST TRANSACTION
control field 20250827150220.0
020 ## - INTERNATIONAL STANDARD BOOK NUMBER
International Standard Book Number 043909867X
020 ## - INTERNATIONAL STANDARD BOOK NUMBER
International Standard Book Number 9780439098670
040 ## - CATALOGING SOURCE
Original cataloging agency DLC
Transcribing agency DLC
Modifying agency DLC
Language of cataloging eng
050 00 - LIBRARY OF CONGRESS CALL NUMBER
Classification number E312.66
Item number .J29 2000
082 00 - DEWEY DECIMAL CLASSIFICATION NUMBER
Classification number 973.4/092
-- B
Edition number 21
100 1# - MAIN ENTRY--PERSONAL NAME
Personal name Jackson, Garnet
245 10 - TITLE STATEMENT
Title George Washington :
Remainder of title our first president /
Statement of responsibility, etc. by Garnet Jackson ; illustrated by Cornelius van Wright and Ying-Hwa Hu.
250 ## - EDITION STATEMENT
Edition statement This edition printing, May 2008
260 ## - PUBLICATION, DISTRIBUTION, ETC.
Place of publication, distribution, etc. New York :
Name of publisher, distributor, etc. Scholastic,
Date of publication, distribution, etc. 2000
300 ## - PHYSICAL DESCRIPTION
Extent 29 unnumbered pages :
Other physical details illustrations
Dimensions 23 cm
500 ## - GENERAL NOTE
General note "Cartwheel books."
505 ## - FORMATTED CONTENTS NOTE
Formatted contents note K
520 ## - SUMMARY, ETC.
Summary, etc. A simple biography of George Washington, the first president of the United States.
521 ## - TARGET AUDIENCE NOTE
Target audience note 600
Source Lexile
521 ## - TARGET AUDIENCE NOTE
Target audience note K
Source Raz-Plus
650 #0 - SUBJECT ADDED ENTRY--TOPICAL TERM
Topical term or geographic name entry element Presidents
Geographic subdivision United States
Form subdivision Biography
-- Juvenile literature.
650 #1 - SUBJECT ADDED ENTRY--TOPICAL TERM
Topical term or geographic name entry element Presidents.
700 1# - ADDED ENTRY--PERSONAL NAME
Personal name Van Wright, Cornelius
Relator term co-illustrator
700 1# - ADDED ENTRY--PERSONAL NAME
Personal name Hu, Ying-Hwa,
Relator term co-illustrator
906 ## - LOCAL DATA ELEMENT F, LDF (RLIN)
a 7
b cbc
c orignew
d 1
e ocip
f 19
g y-gencatlg
942 ## - ADDED ENTRY ELEMENTS (KOHA)
Source of classification or shelving scheme Dewey Decimal Classification
Koha item type Books
Suppress in OPAC No
999 ## -
-- 2307
-- 2307
Holdings
Withdrawn status Lost status Source of classification or shelving scheme Damaged status Not for loan Collection Home library Current library Shelving location Date acquired Total Checkouts Full call number Barcode Date last seen Date last checked out Price effective from Koha item type Copy number Date due
    Dewey Decimal Classification     Non-Fiction Footprints International School Library Network Toul Kork Campus Footprints International School Library Network Toul Kork Campus TK Primary Library Room(4th Floor), Bookcase 3&4, Shelves 17-32, Yellow Books 11/15/2023 1 JAC 973.4/092 E312.66 FISTK00808 09/13/2024 08/12/2024 11/15/2023 Books    
    Dewey Decimal Classification     Non-Fiction Footprints International School Library Network Toul Tom Poung Campus Footprints International School Library Network Toul Tom Poung Campus TTP Primary Yellow Bookshelves 03/10/2025   JAC 973.4/092 E312.66 2025-0764 03/10/2025   03/10/2025 Books 2  
    Dewey Decimal Classification     Non-Fiction Footprints International School Library Network Toul Tom Poung Campus Footprints International School Library Network Toul Tom Poung Campus TTP Primary Yellow Bookshelves 08/27/2025 1 JAC 973.4/092 E312.66 FISBK02755 11/26/2025 11/26/2025 08/27/2025 Books 3 12/10/2025